01151nab a22002417a 4500003000400000005001700004008004100021040000700062100002500069245013600094260007300230300001200303500004100315505014500356505009000501650003700591650002600628650002700654650003700681650001300718650003600731773014200767OSt20250213124429.0190604e xxu||||| |||| 00| 0 spa d cPJ aCapaldo, Griselda D.10aModificaciones sustantivas al Código Aeronáutico a 67 años de su vigencia. Los DNU 70-2023 y 941-2024 /cGriselda D. Capaldo. aCiudad Autónoma de Buenos Aires :bThomson Reuters La Ley, c2025. ap. 5-15 aCita Online: LA LEY AR/DOC/132/2024. aSumario: I. Introducción.— II. El DNU 70/2023.— III. El DNU 941/2024.— IV. Problemas de técnica legislativa y de coherencia legal. t¿Te interesa el texto completo? Solicitalo al correo: koha@justierradelfuego.gov.ar  0aDECRETOS DE NECESIDAD Y URGENCIA 0aDERECHO AERONÁUTICO 0aCÓDIGO AERONÁUTICO 0aDECRETOS DE NECESIDAD Y URGENCIA 0aAERONAVE 0aTRANSPORTE AÉREO DE PASAJEROS0 02714dCiudad Autónoma de Buenos Aires : Thomson Reuters La Ley, 2014-tRevista anales de legislación argentina. Nº 2 - Febrero 2025.